000 00521nam a2200193Ia 4500
001 22504
003 GE_BSU
008 181216s||||||||xx |||||||||||||| ||und||
040 _cGE_BSU
245 _aФилософия права №1(84) 2018
245 _cГл.ред. К.А. Плясов
260 _aМосква
260 _c2018
300 _a153 стр. 30см.
653 _aПериодика
653 _aФилософия права №1(84) 2018
653 _aპერიოდიკა
942 _cCR
999 _c55422
_d55422